00953nam a2200181 a 450000100100000000500170001000800410002702000180006804000250008624501540011126000910026530000330035670000410038995201080043095201080053895201080064699900170075400004387020201002045021.0140507s2008 sp ac 000 0 spa d a9788483470770 aDO-SdBNPbspacBNPHU00aDiccionario histórico, goegráfico y cultural de Filipinas y el Pacífico /ccoordinación y dirección Leonardo Cabrero Fernández...[et.al]. aMadrid :bAgencia Española de Cooperación Internacional para el Desarrollo,c2008. a3v. :bil., retrs. ;c24 cm.12aCabrero Fernández, Leonardo971749 001050718MOaGRbGRcCTd2014-05-07iLF1l0ov. 1p43870-10r2020-06-25w2020-06-25y1ZNo se presta 001050718MOaGRbGRcCTd2014-05-07iLF1l0ov. 2p43870-20r2020-06-25w2020-06-25y1ZNo se presta 001050718MOaGRbGRcCTd2014-05-07iLF1l0ov. 3p43870-30r2020-06-25w2020-06-25y1ZNo se presta c43359d43359